MARC

LEADER 00000nam0a2200000 4500
001 378035
005 20231102012955.0
035 |a (RuTPU)RU\TPU\retro\35490 
035 |a RU\TPU\retro\35489 
090 |a 378035 
100 |a 20230510d1977 k y0rusy50 ca 
101 0 |a rus 
102 |a RU 
105 |a a z 001zy 
200 1 |a Радиоактивные элементы и тепловой поток земной коры полуострова Камчатка  |f Ю. М. Пузанков, В. А. Бобров, А. Д. Дучков  |g Академия наук СССР (АН СССР), Сибирское отделение (СО), Институт геологии и геофизики (ИГиГ) ; отв. ред. А. С. Митропольский, В. М. Гавшин 
210 |a Новосибирск  |c Наука  |d 1977 
215 |a 126 с.  |c ил., карты 
225 1 |a Труды Института геологии и геофизики  |v Вып. 377 
320 |a Библиогр.: с. 116-125. 
606 1 |a Радиоактивные элементы  |x Геохимия  |2 stltpush  |3 (RuTPU)RU\TPU\subj\22440  |9 47198 
610 1 |a Камчатка 
610 1 |a геология 
610 1 |a исследования 
610 1 |a горные породы 
610 1 |a геосинклинальные области 
610 1 |a миграция 
675 |a 550.42:546.7  |v 3 
700 1 |a Пузанков  |b Ю. М.  |g Юрий Михайлович 
701 1 |a Бобров  |b В. А.  |g Владимир Андреевич 
701 1 |a Дучков  |b А. Д.  |g Альберт Дмитриевич 
702 1 |a Митропольский  |b А. С.  |c горный инженер-геолог  |c выпускник ТТИ 1932 г. по спец. "Геология и разведка месторождений полезных ископаемых"  |f 1909-1982  |g Александр Сергеевич  |2 stltpush  |3 (RuTPU)RU\TPU\pers\29915  |4 340  |9 14387 
702 1 |a Гавшин  |b В. М.  |g Всеволод Михайлович  |4 340 
712 0 2 |a Академия наук СССР (АН СССР)  |b Сибирское отделение (СО)  |b Институт геологии и геофизики (ИГиГ)  |c (Новосибирск)  |2 stltpush  |3 (RuTPU)RU\TPU\col\128 
801 1 |a RU  |b 63413507  |c 20120216 
801 2 |a RU  |b 63413507  |c 20230510  |g RCR 
942 |c BK